Inmunología celular y molecular

Furkejuvvon:
Bibliográfalaš dieđut
Váldodahkki: Abbas, Abul K
Eará dahkkit: Lichtman, Andrew H, Pillai, Shiv
Materiálatiipa: Girji
Giella:espánnjágiella
Almmustuhtton: Barcelona, España Elsevier 2018
Preanttus:Novena edición
Fáttát:
Fáddágilkorat: Lasit fáddágilkoriid
Eai fáddágilkorat, Lasit vuosttaš fáddágilkora!

MARC

LEADER 00000cam a2200000 a 4500
001 UCC6419
003 CL-VaPUC
005 20241210163617.0
008 181207e20180000sp |||||||||||||||||spa|d
999 |c 373367  |d 373365 
020 |a 9788491132752 
040 |c Pontificia Universidad Católica de Valparaíso 
082 0 4 |a 616.079 ABB 2018  |2 21 
100 0 |a Abbas, Abul K  |9 600867 
245 1 0 |a Inmunología celular y molecular 
250 |a Novena edición 
260 |a Barcelona, España  |b Elsevier  |c 2018 
300 |a 564 páginas 
583 |a last modification  |c 20181207 13:37:00  |k Rodrigo Vera 
583 |k Cristina María Rojas Aguilar  |c 20220225 
650 0 |a Inmunología  |x Biología molecular  |9 329894 
650 0 |a Células  |x Tejidos  |9 379702 
650 0 |a Sistema inmunitario  |x Inmunodeficiencia   |9 374468 
700 0 |a Lichtman, Andrew H  |9 600868 
700 0 |a Pillai, Shiv  |9 600869 
852 |a BIBCUR 
942 |c BK  |2 ddc 
945 |d 20181207 13:37:00  |a dcastane 
952 |0 0  |1 0  |2 ddc  |3 erb  |4 0  |6 616_079000000000000_ABB_2018  |7 0  |8 A  |9 491445  |a BIBCUR  |b BIBCUR  |i 5521858  |l 14  |m 9  |o 616.079 ABB 2018  |p 5521858  |r 2025-04-22  |s 2025-03-20  |t 1  |w 2019-11-24  |y BK  |z Catalogado en:20181207  |k BIO 
952 |0 0  |1 0  |2 ddc  |3 erb  |4 0  |6 616_079000000000000_ABB_2018  |7 0  |8 A  |9 491446  |a BIBCUR  |b BIBCUR  |i 552184K  |l 15  |m 8  |o 616.079 ABB 2018  |p 552184K  |r 2025-04-22  |s 2025-03-27  |t 2  |w 2019-11-24  |y BK  |z Catalogado en:20181207  |k BIO 
952 |0 0  |1 0  |2 ddc  |3 erb  |4 0  |6 616_079000000000000_ABB_2018  |7 0  |8 A  |9 491447  |a BIBCUR  |b BIBCUR  |i 5521831  |l 19  |m 7  |o 616.079 ABB 2018  |p 5521831  |r 2025-04-22  |s 2025-03-25  |t 3  |w 2019-11-24  |y BK  |z Catalogado en:20181207  |k BIO 
952 |0 0  |1 0  |2 ddc  |3 erb  |4 0  |6 616_079000000000000_ABB_2018  |7 0  |8 A  |9 491448  |a BIBCUR  |b BIBCUR  |i 5521823  |l 14  |m 6  |o 616.079 ABB 2018  |p 5521823  |r 2025-04-22  |s 2024-11-07  |t 4  |w 2019-11-24  |y BK  |z Catalogado en:20181207  |k BIO 
952 |0 0  |1 0  |2 ddc  |3 erb  |4 0  |6 616_079000000000000_ABB_2018  |7 0  |8 A  |9 491449  |a BIBCUR  |b BIBCUR  |d 2019-06-12  |e 17  |g 45540.00  |i 5552117  |l 19  |m 9  |o 616.079 ABB 2018  |p 5552117  |r 2025-05-07  |s 2025-04-30  |t 5  |v 45540.00  |w 2019-11-24  |y BK  |z Catalogado en:20190617  |k BIO 
952 |0 0  |1 0  |2 ddc  |3 erb  |4 0  |6 616_079000000000000_ABB_2018  |7 0  |8 A  |9 491450  |a BIBCUR  |b BIBCUR  |d 2019-06-12  |e 17  |g 45540.00  |i 5552109  |l 18  |m 12  |o 616.079 ABB 2018  |p 5552109  |r 2025-04-22  |s 2025-04-02  |t 6  |v 45540.00  |w 2019-11-24  |y BK  |z Catalogado en:20190617  |k BIO 
952 |0 0  |1 0  |2 ddc  |3 erb  |4 0  |6 616_079000000000000_ABB_2018  |7 0  |8 A  |9 491451  |a BIBCUR  |b BIBCUR  |d 2019-06-12  |e 17  |g 45540.00  |i 5552095  |l 9  |m 4  |o 616.079 ABB 2018  |p 5552095  |r 2025-04-23  |s 2025-04-21  |t 7  |v 45540.00  |w 2019-11-24  |y BK  |z Catalogado en:20190617  |k BIO 
952 |0 0  |1 0  |2 ddc  |3 erb  |4 0  |6 616_079000000000000_ABB_2018  |7 0  |8 A  |9 491452  |a BIBCUR  |b BIBCUR  |d 2019-06-12  |e 17  |g 45540.00  |i 5552087  |l 19  |m 7  |o 616.079 ABB 2018  |p 5552087  |r 2025-04-22  |s 2024-08-21  |t 8  |v 45540.00  |w 2019-11-24  |y BK  |z Catalogado en:20190617  |k BIO 
952 |0 0  |1 0  |2 ddc  |3 erb  |4 0  |6 616_079000000000000_ABB_2018  |7 0  |8 A  |9 491453  |a BIBCUR  |b BIBCUR  |d 2019-06-12  |e 17  |g 45540.00  |i 5552079  |l 21  |m 12  |o 616.079 ABB 2018  |p 5552079  |r 2025-04-22  |s 2025-03-31  |t 9  |v 45540.00  |w 2019-11-24  |y BK  |z Catalogado en:20190617  |k BIO 
952 |0 0  |1 0  |2 ddc  |3 erb  |4 0  |6 616_079000000000000_ABB_2018  |7 0  |8 A  |9 491454  |a BIBCUR  |b BIBCUR  |d 2019-06-12  |e 17  |g 45540.00  |i 5552060  |l 15  |m 7  |o 616.079 ABB 2018  |p 5552060  |r 2025-04-28  |s 2025-04-22  |t 10  |v 45540.00  |w 2019-11-24  |y BK  |z Catalogado en:20190617  |k BIO 
952 |0 0  |1 0  |2 ddc  |3 erb  |4 0  |6 616_079000000000000_ABB_2018  |7 0  |8 A  |9 491455  |a BIBCUR  |b BIBCUR  |d 2019-06-12  |e 17  |g 45540.00  |i 5552052  |l 15  |m 5  |o 616.079 ABB 2018  |p 5552052  |r 2025-04-22  |s 2025-03-25  |t 11  |v 45540.00  |w 2019-11-24  |y BK  |z Catalogado en:20190617  |k BIO 
952 |0 0  |1 0  |2 ddc  |3 erb  |4 0  |6 616_079000000000000_ABB_2018  |7 0  |8 A  |9 491456  |a BIBCUR  |b BIBCUR  |d 2019-06-12  |e 17  |g 45540.00  |i 5552044  |l 20  |m 6  |o 616.079 ABB 2018  |p 5552044  |r 2025-04-22  |s 2025-03-14  |t 12  |v 45540.00  |w 2019-11-24  |y BK  |z Catalogado en:20190617  |k BIO 
952 |0 0  |1 0  |2 ddc  |4 0  |6 616_079000000000000_ABB_2018  |7 0  |8 A  |9 582005  |a BIBCUR  |b BIBCUR  |c GEN  |d 2022-03-21  |e 74  |g 93386.00  |i 5650192  |l 29  |m 7  |o 616.079 ABB 2018  |p 5650192  |r 2025-04-22  |s 2025-03-26  |t 14  |v 93386.00  |w 2022-03-21  |y BK  |k TEM